Diseño de 600 metros lineales de pavimento articulado de acceso al barrio Solingalpa, por el método AASHTO-93, en el municipio de Matagalpa, departamento de Matagalpa
El presente documento tiene como propuesta diseñar 600 metros de pavimentos con adoquín aplicando el método de AASHTO-93 en el barrio Solingalpa, Matagalpa, donde se analizará el estudio de suelo geotécnico y el banco de materiales a utilizar, además se determinará la carga que estará someti...
| Main Authors: | , |
|---|---|
| Other Authors: | |
| Format: | Tesis Section = Libro |
| Language: | Undetermined Spanish |
| Published: |
Managua
UNI/RUACS
2017
|
| Subjects: |
| LEADER | 01417nam a2200277Ia 4500 | ||
|---|---|---|---|
| 008 | 240830s9999 xx 000 0 und d | ||
| 040 | |a BIBLIOTECA-RUPAP T.Mon 625.85 Z49 | ||
| 041 | |a spa | ||
| 082 | |a T.Mon 625.85 Z49 | ||
| 100 | 1 | |a Zeledón Ruíz, Byron José | |
| 100 | 1 | |b Olivas Weimar, Erick Salvador | |
| 245 | 1 | 0 | |a Diseño de 600 metros lineales de pavimento articulado de acceso al barrio Solingalpa, por el método AASHTO-93, en el municipio de Matagalpa, departamento de Matagalpa |
| 260 | |a Managua |b UNI/RUACS |c 2017 | ||
| 300 | |a 53 p. :il. | ||
| 500 | |a Contiene anexos: y CD. | ||
| 502 | |a Tesis (Ingeniero Civil)- UNI, 2017. | ||
| 520 | 3 | |a El presente documento tiene como propuesta diseñar 600 metros de pavimentos con adoquín aplicando el método de AASHTO-93 en el barrio Solingalpa, Matagalpa, donde se analizará el estudio de suelo geotécnico y el banco de materiales a utilizar, además se determinará la carga que estará sometida a la estructura de pavimentos a través del estudio de tránsito, y se diseñará la estructura de los pavimentos empleando el método de la AASHTO. | |
| 650 | 7 | |a PAVIMENTOS | |
| 650 | 7 | |b PAVIMENTOS FLEXIBLES | |
| 650 | 7 | |c CARRETERAS-MANTENIMIENTO Y REPARACION | |
| 650 | 7 | |d ESTUDIO DE SUELO | |
| 650 | 7 | |e ESTUDIO DE TRANSITO | |
| 700 | 1 | |a Tutor: |b Bustamante Arteaga, José Fernando | |
| 942 | |c BK |2 ddc | ||
| 991 | |a TESIS | ||
| 999 | |c 18427 | ||